00366nam a2200121Ia 4500100001800000942000700018654001700025245003400042260002500076546001200101999001700113952011400130 aSimpson/Alan  cBK aPerfect 5.1 aMastering Word Perfect 5.1 bBPBaNew Delhic1991 aENGLISH c34378d34378 001040708CRCaCRCEbCRCEd2023-03-17eglobal booksg210.00l0o p6689r2023-03-17v210.00w2023-03-17yBK